00738nam a2200181 a 450000500170000000800410001704000250005804100080008309000130009110000200010424501800012426000380030430000110034294200130035394500150036699900150038195201600039620160825170255.0140317b1993 fr |||||rm||| 00| 0 por d aCO-BoIAVHcCO-BoIAVH afre aTEb0044 aGaviria, Sergio aEvolution mineralogique et geochimique du fer et de l'aluminium dans les sols ferrallitiques hydromorphes des Llanos Orientales de Colombiebles etats precoces du cuirassement as.l.bUniversite de Nancy Ic1993 a216 p. cTESIS2z d2005-12-01 c4908d4908 00102z40708TESISIINV2017aBogotabBogotad2005-12-01eDíaz, Juan Manuell0oTE-0044p022439r2013-04-17 00:00:00tEj. 1w2012-12-04xDonacionyTESIS